MARC details
| 000 -LÍDER |
| campo de controle de tamanho fixo |
01500nac a22003857a 4500 |
| 001 - NÚMERO DE CONTROLE |
| campo de controle |
BR8500652 |
| 003 - IDENTIFICADOR DO NÚMERO DE CONTROLE |
| campo de controle |
BR-BrBNA |
| 005 - DATA E HORÁRIO DA ÚLTIMA TRANSAÇÃO |
| campo de controle |
20240105120235.0 |
| 008 - CAMPO DE DADOS FIXOS--INFORMAÇÃO GERAL |
| campo de controle de tamanho fixo |
230509b bl.|||m| |||| 00| 0 por d |
| 040 ## - FONTE DA CATALOGAÇÃO |
| Instituição da catalogação original |
BR-BrBNA |
| Idioma da catalogação |
por |
| Instituição que transcreveu o registro |
Biblioteca Nacional de Agricultura |
| 072 ## - CÓDIGO DE CATEGORIA DE ASSUNTO |
| Código de Categoria de Assunto |
H70 |
| 090 ## - NÚMERO DE CHAMADA LOCAL |
| Número de chamada |
0336 BR8500652 |
| 100 1# - ENTRADA PRINCIPAL--NOME PESSOAL |
| Nome pessoal |
Menschoy, A.B. |
| 110 1# - ENTRADA PRINCIPAL--NOME CORPORATIVO |
| Nome corporativo ou nome da jurisdição |
Unidade de Execucao de Pesquisa de Ambito Estadual de Pelotas, RS (Brasil) |
| 9 (RLIN) |
10370 |
| 245 1# - TÍTULO |
| Título |
Armazenamento de soja e sorgo em galpoes de metal e alvenaria [Glycine max., Sorghum spp., Sitophilus oryzae, gorgulho dos cereais, Tribolium castaneum, inseto, inseticida, controle quimico] |
| 246 1# - FORMA VARIANTE DO TÍTULO |
| Título/título abreviado |
[Storage of soybean and sorghum in metallic and masonic barns [Glycine max., Sorghum spp., Sitophilus oryzae, yeast borer, Tribolium castaneum, insect, insecticide, chemical control]] |
| 260 3# - PUBLICAÇÃO, DISTRIBUIÇÃO, ETC. |
| Local de publicação, distribuição, etc. |
Pelotas, RS (Brasil): |
| Data da publicação, distribuição, etc. |
1984. |
| 300 ## - DESCRIÇÃO FÍSICA |
| Extensão |
43 p. |
| 490 ## - TÍTULO DA SÉRIE |
| Título da série |
Circular Tecnica - Unidade de Execucao de Pesquisa de Ambito Estadual de Pelotas (Brazil) |
| Número do volume ou designação sequencial da série |
no. 21 |
| ISSN - International Standard Serial Number |
ISSN 0100-7165 |
| 500 ## - NOTA GERAL |
| Nota geral |
21 tables; 9 ref.; Summaries (En, Pt) |
| 650 ## - ASSUNTO--TERMO TÓPICO |
| Cabeçalho tópico ou nome geográfico |
SOJA |
| 650 ## - ASSUNTO--TERMO TÓPICO |
| Cabeçalho tópico ou nome geográfico |
SORGO |
| 650 ## - ASSUNTO--TERMO TÓPICO |
| Cabeçalho tópico ou nome geográfico |
GRAO |
| 650 ## - ASSUNTO--TERMO TÓPICO |
| Cabeçalho tópico ou nome geográfico |
PRODUTO ARMAZENADO |
| 650 ## - ASSUNTO--TERMO TÓPICO |
| Cabeçalho tópico ou nome geográfico |
ARMAZEM |
| 650 ## - ASSUNTO--TERMO TÓPICO |
| Cabeçalho tópico ou nome geográfico |
GALPAO |
| 650 ## - ASSUNTO--TERMO TÓPICO |
| Cabeçalho tópico ou nome geográfico |
GORGULHO DOS CEREAIS |
| 650 ## - ASSUNTO--TERMO TÓPICO |
| Cabeçalho tópico ou nome geográfico |
TRIBOLIUM |
| 650 ## - ASSUNTO--TERMO TÓPICO |
| Cabeçalho tópico ou nome geográfico |
INFESTACAO |
| 650 ## - ASSUNTO--TERMO TÓPICO |
| Cabeçalho tópico ou nome geográfico |
INSETICIDA |
| 650 ## - ASSUNTO--TERMO TÓPICO |
| Cabeçalho tópico ou nome geográfico |
ANALISE QUANTITATIVA |
| 650 ## - ASSUNTO--TERMO TÓPICO |
| Cabeçalho tópico ou nome geográfico |
CONTROLE QUIMICO |
| 909 ## - |
| -- |
202312 |
| -- |
Lúcia Elande |
| -- |
55 |
| -- |
Lúcia Elande |
| 942 ## - ELEMENTOS DE ENTRADA ADICIONADOS (KOHA) |
| Fonte da classificação ou esquema de arquivamento na estante |
Classificação AGRIS |
| Ocultar no OPAC |
Não |
| Tipo de material Koha |
Monografia Seriada |